| 000 | 01142nam a2200265Ia 4500 | ||
|---|---|---|---|
| 001 | delightfulpastas00sang | ||
| 003 | CaSfIA | ||
| 005 | 20210118001604.0 | ||
| 007 | cr|||| | ||
| 008 | 840504s1981 pau 000 0 eng d | ||
| 040 |
_aCUF _cCUF _dCaSfIA |
||
| 035 | _a(OCoLC)10691883 | ||
| 090 |
_aTX807 _b.D45 |
||
| 245 | 0 | 0 |
_aDelightful pasta salads. _h[electronic resource] |
| 260 |
_a[Hershey, Penn.] : _bSan Giorgio-Skinner, Inc., _cc1981. |
||
| 300 |
_a96 p. ; _c18 cm. |
||
| 650 | 0 | _aSalads. | |
| 650 | 0 | _aCookery (Pasta) | |
| 710 | 2 | _aSan Giorgio-Skinner Company. | |
| 856 | 4 | 1 |
_uhttp://www.archive.org/details/delightfulpastas00sang _zFree eBook from the Internet Archive |
| 856 | 4 | 2 |
_uhttp://www.openlibrary.org/books/OL24204950M _zAdditional information and access via Open Library |
| 942 | _cEB | ||
| 506 | _fНеобхідна авторизація на https://archive.org/ (створення облікового запису безкоштовно) | ||
| 506 | _fНеобхідна авторизація на https://openlibrary.org/ (створення облікового запису безкоштовно) | ||
| 999 |
_c487647 _d487647 |
||